000 00386nam a22001337a 4500
082 _a612.073
_bHUS
100 _aHussain, M Mazhar
_9114172
245 _aLaboratory Manual of Physiology /
_cM Mazhar Hussain; Idrees Farooq Butt
260 _aRawalpindi :
_bPrince Books,
_c2011.
300 _a232 p. ;
_bill,
_c27 cm.
563 _aPBK.
650 _aPhysiology
_987446
942 _2ddc
_cBK
999 _c595581
_d595581